000 00239nam a22001217a 4500
003 SGT
082 _bBAC
100 _aBACHCHN, HARIVANSH RAI
245 _aMADHUSHALA
260 _aDELHI
_bHIND
_c2009
300 _a110
942 _2ddc
_cBK
999 _c20331
_d20331